Carotenoides as colorants and vitamin a precursors: technological and nutritional applications
Guardado en:
| Autor principal: | |
|---|---|
| Formato: | Libro |
| Lenguaje: | inglés |
| Publicado: |
Nueva York
Academic Press
1981
|
| Colección: | Food Science and Technology
|
| Materias: | |
| Etiquetas: |
Agregar Etiqueta
Sin Etiquetas, Sea el primero en etiquetar este registro!
|
MARC
| LEADER | 00000nam a2200000 a 4500 | ||
|---|---|---|---|
| 001 | UCV6073 | ||
| 003 | CL-VaPUC | ||
| 008 | 911001e19810000US |||||||||||||||||eng|d | ||
| 082 | 0 | 4 | |a 660.06 |b BAU |2 21 |
| 100 | 0 | |a Bauernfeind, J. Christopher |e author |9 300312 | |
| 245 | 1 | 0 | |a Carotenoides as colorants and vitamin a precursors: technological and nutritional applications |
| 300 | |a 938 p | ||
| 942 | |c BK | ||
| 945 | |d 19911001 00:00:00 | ||
| 260 | |a Nueva York |b Academic Press |c 1981 | ||
| 650 | 7 | |a CAROTENOIDES |2 CL-VaPUC |9 263031 | |
| 650 | 0 | |a Vitamina A |9 263032 | |
| 650 | 7 | |a COLORANTES EN LOS ALIMENTOS |2 CL-VaPUC |9 259433 | |
| 583 | |a last modification |c 20180123 05:25:51 |k Rodrigo Vera | ||
| 490 | 0 | |a Food Science and Technology | |
| 999 | |c 212320 |d 212318 | ||
| 952 | |0 0 |1 0 |4 0 |6 660_060000000000000_BAU_1981 |7 0 |8 A |9 193124 |a BIBING |b BIBING |d 2019-11-14 |i 2607727 |o 660.06 BAU 1981 |p 2607727 |r 2025-01-20 |w 2019-11-14 |y BK |k EIB | ||